| 000 | 01081nam a2200325 i 4500 | ||
|---|---|---|---|
| 001 | 259672 | ||
| 003 | OSt | ||
| 005 | 20180921 | ||
| 008 | 0000002018 dj 0000000000spa00 | ||
| 100 | _aRondón Silvestre, Claribel | ||
| 245 |
_aCalidad de la prescripción médica en consulta de pediatría en el Hospital Regional Doctor Antonio Musa San Pedro de Macorís enero - abril 2018 _cClaribel Rondón, Endry Frías; asesora Reina M. Fulgencio, Dinorah Mejía |
||
| 260 |
_aSan Pedro de Macorís : _bUniversidad Central del Este |
||
| 300 | _a47 hojas | ||
| 502 | _aTesis (Licenciada en Farmacia)-- Universidad Central del Este, 2018 | ||
| 504 | _aIncluye bibliografía e índice | ||
| 650 |
_aFarmacología _aMedicamentos _aPrescripción médica _aTC 6206 _aTesis y disertaciones académicas |
||
| 700 |
_aFrías Solano, Endry Roselina _aFulgencio, Reina M., asesora _aMejía, Dinorah, asesora |
||
| 040 |
_aDLC _cDLC |
||
| 942 |
_2ddc _cTH |
||
| 999 |
_c259672 _d25967200 |
||